| 000 | 00924nam a2200265 i 4500 | ||
|---|---|---|---|
| 001 | bg | ||
| 003 | KOSZ 005 | ||
| 005 | 20220125150959.0 | ||
| 008 | 031110s2003 pl a f |000 0 pol d | ||
| 020 | _a8391381617 | ||
| 040 |
_cKOSZ 005/HR _aKOSZ 005/HR _dKOSZ 005/HR |
||
| 041 | 0 | _apol | |
| 046 | _k2003 | ||
| 080 | _a628.32 | ||
| 100 | 1 |
_aBłażejewski, Ryszard _d(1949- ) _eAutor |
|
| 245 | 1 | 0 |
_aProjektowanie, budowa i eksploatacja przydomowych oczyszczalni ścieków / _cRyszard Błażejewski. |
| 260 |
_aPoznań : _bPolskie Zrzeszenie Inżynierów i Techników Sanitarnych, _c2003. |
||
| 300 |
_a130 s. : _bil. ; _c24 cm. |
||
| 380 | _aKsiążki | ||
| 504 | _aBibliogr. przy rozdz. | ||
| 650 | 4 | _aPrzydomowa oczyszczalnia ścieków | |
| 658 | _aInżynieria i technika | ||
| 856 |
_uhttp://koha.tu.koszalin.pl/cgi-bin/koha/opac-detail.pl?biblionumber=45968 _yKatalog online BPK |
||
| 942 |
_cKS _2UKD |
||
| 999 |
_c45968 _d45968 |
||